Medical education since 1960 : (Record no. 5253)
[ view plain ]
| 000 -LEADER | |
|---|---|
| fixed length control field | 01463cam a2200337 i 4500 |
| 001 - CONTROL NUMBER | |
| control field | 5253 |
| 003 - CONTROL NUMBER IDENTIFIER | |
| rucl marc code | BD-RjUL |
| 005 - DATE AND TIME OF LATEST TRANSACTION | |
| control field | 20211208234033.0 |
| 008 - FIXED-LENGTH DATA ELEMENTS--GENERAL INFORMATION | |
| fixed length control field | 131224s1979 miu b 100 0 eng |
| 035 ## - SYSTEM CONTROL NUMBER | |
| System control number | (BD-RjUL)5289 |
| 040 ## - CATALOGING SOURCE | |
| Original cataloging agency | DLC |
| Transcribing agency | DLC |
| Modifying agency | DLC |
| -- | BD-RjUL |
| Language of cataloging | eng |
| 041 ## - LANGUAGE CODE | |
| Language code of text/sound track or separate title | eng |
| 082 00 - DEWEY DECIMAL CLASSIFICATION NUMBER | |
| Classification number | 610.71173 |
| Author mark and year | COM 1979 |
| 111 2# - MAIN ENTRY--MEETING NAME | |
| Meeting name or jurisdiction name as entry element | Conference on Medical Education Since 1960: Marching to a Different Drummer |
| Date of meeting | (1977 : |
| Location of meeting | Michigan State University) |
| 9 (RLIN) | 16514 |
| 245 10 - TITLE STATEMENT | |
| Title | Medical education since 1960 : |
| Remainder of title | marching to a different drummer / |
| Statement of responsibility, etc. | Andrew D. Hunt, general editor, Lewis E. Weeks, editor. |
| 260 ## - PUBLICATION, DISTRIBUTION, ETC. (IMPRINT) | |
| Place of publication, distribution, etc. | East Lansing, Mich. : |
| Name of publisher, distributor, etc. | Michigan State University Foundation, |
| Date of publication, distribution, etc. | 1979 |
| 300 ## - PHYSICAL DESCRIPTION | |
| Pagination | 393 p. ; |
| Size | 23 cm. |
| 500 ## - GENERAL NOTE | |
| General note | Presented by the Michigan State University Foundation and the W. K. Kellogg Foundation. |
| 504 ## - BIBLIOGRAPHY, ETC. NOTE | |
| Bibliography, etc | Includes bibliographies. |
| 650 #0 - SUBJECT ADDED ENTRY--TOPICAL TERM | |
| Topical term or geographic name as entry element | Medical education |
| Geographic subdivision | United States |
| General subdivision | Congresses. |
| 9 (RLIN) | 16515 |
| Topical term or geographic name as entry element | Medical colleges |
| Geographic subdivision | United States |
| General subdivision | Congresses. |
| 9 (RLIN) | 16516 |
| Topical term or geographic name as entry element | Medicine |
| General subdivision | Study and teaching |
| -- | Congresses. |
| 9 (RLIN) | 16517 |
| 700 1# - ADDED ENTRY--PERSONAL NAME | |
| Personal name | Hunt, Andrew D., |
| Dates associated with a name | 1915- |
| Personal name | Weeks, Lewis E. |
| 710 2# - ADDED ENTRY--CORPORATE NAME | |
| Corporate name or jurisdiction name as entry element | Michigan State University. |
| Subordinate unit | Foundation. |
| 9 (RLIN) | 16520 |
| Corporate name or jurisdiction name as entry element | W.K. Kellogg Foundation. |
| 9 (RLIN) | 16521 |
| 856 ## - ELECTRONIC LOCATION AND ACCESS | |
| Uniform Resource Identifier | <a href="http://www.worldcat.org/title/medical-education-since-1960-marching-to-a-different-drummer/oclc/6304284&referer=brief_results">http://www.worldcat.org/title/medical-education-since-1960-marching-to-a-different-drummer/oclc/6304284&referer=brief_results</a> |
| 942 ## - ADDED ENTRY ELEMENTS (KOHA) | |
| Source of classification or shelving scheme | Dewey Decimal Classification |
| Koha item type | Books |
| Lost status | Source of classification or shelving scheme | Damaged status | Not for loan | Collection code | Permanent Location | Current Location | Shelving location | Date acquired | Source of acquisition | Total Checkouts | Full call number | Date last seen | Copy number | Koha item type |
|---|---|---|---|---|---|---|---|---|---|---|---|---|---|---|
| Dewey Decimal Classification | Not For Loan | Non-fiction | Central Library, University of Rajshahi | Central Library, University of Rajshahi | 12/08/1991 | Canada | 610.71173 COM 1979 | 24/12/2013 | C-1 | Books |